La Volupté Du Goût (Record no. 3027)

MARC details
000 -CABECERA
campo de control de longitud fija 00908nam a2200229 a 4500
001 - NÚMERO DE CONTROL
campo de control BRCA_3291
005 - FECHA Y HORA DE LA ÚLTIMA TRANSACCIÓN
campo de control 20190320204215.0
008 - DATOS DE LONGITUD FIJA--INFORMACIÓN GENERAL
campo de control de longitud fija 270309s2008----fr-a---###---#000-0#eng-#
020 ## - NÚMERO INTERNACIONAL ESTÁNDAR DEL LIBRO
Número Internacional Estándar del Libro 9782757201756
041 ## - CÓDIGO DE LENGUA
Código de lengua del texto/banda sonora o título independiente eng
044 ## - CÓDIGO DEL PAÍS DE LA ENTIDAD EDITORA/PRODUCTORA
Código MARC del país fr
050 #4 - SIGNATURA TOPOGRÁFICA DE LA BIBLIOTECA DEL CONGRESO
Número de clasificación ND546
Número de documento/Ítem .V65 2008
245 10 - MENCIÓN DE TÍTULO
Título La Volupté Du Goût
Resto del título French Painting in the Age of Madame de Pompadour.
260 ## - PUBLICACIÓN, DISTRIBUCIÓN, ETC.
Lugar de publicación, distribución, etc. París
Nombre del editor, distribuidor, etc. Somogy Éditions d´Art : Musée des Beaux-Arts : Portland Art Museum
Fecha de publicación, distribución, etc. 2008
300 ## - DESCRIPCIÓN FÍSICA
Extensión 215 p.
Otras características físicas il. a color
Dimensiones 29 cm.
500 ## - NOTA GENERAL
Nota general Catálogo de la exposición realizada en el Musée des Beaux-Arts (Tours), 11 octubre, 2008 - 12 enero, 2009 y en Portland Art Museum (Oregon), 7 febrero - 17 mayo, 2009
500 ## - NOTA GENERAL
Nota general Inluye biografías
504 ## - NOTA DE BIBLIOGRAFÍA, ETC.
Nota de bibliografía, etc. Bibliografía: p. 210-215
650 14 - PUNTO DE ACCESO ADICIONAL DE MATERIA--TÉRMINO DE MATERIA
Término de materia o nombre geográfico como elemento de entrada Pintura francesa
Subdivisión de forma Exposiciones
Subdivisión cronológica Siglo XVIII
9 (RLIN) 8719
650 14 - PUNTO DE ACCESO ADICIONAL DE MATERIA--TÉRMINO DE MATERIA
Término de materia o nombre geográfico como elemento de entrada Pintura
Subdivisión de forma Catálogos
Subdivisión cronológica Siglo XVIII
Subdivisión geográfica Francia
9 (RLIN) 8720
942 ## - ELEMENTOS DE PUNTO DE ACCESO ADICIONAL (KOHA)
Fuente del sistema de clasificación o colocación Library of Congress Classification
Tipo de ítem Koha Libros
Holdings
Estado de retiro Estado de pérdida Estado dañado No para préstamo Localización permanente Ubicación/localización actual Fecha de adquisición Total de préstamos Signatura topográfica completa Código de barras Fecha visto por última vez Precio válido a partir de Tipo de ítem Koha
El ejemplar forma parte de la colección y puede ser consultado según las políticas vigentes.       Biblioteca del Museo Franz Mayer (Rogerio Casas-Alatriste) Biblioteca del Museo Franz Mayer (Rogerio Casas-Alatriste) 17/03/2009   ND546 .V65 2008 01041 22/03/2019 22/03/2019 Libros